000 00247 a2200085 4500
020 _a978-1928643043
100 _a White T. Edward
245 _aSite Analysis : Diagramming Information for Architectural Design
260 _bArchitectural Media Ltd
_c2016
999 _c11239
_d11239